Высшие линейные α-олефины и сополимеры этилена на их основе. Производство и применение

Bibliografiske detaljer
Hovedforfatter: Плаксунов Т. К.
Institution som forfatter: Российская академия наук (РАН) Институт проблем химической физики (ИПХФ)
Andre forfattere: Белов Г. П., Потапов С. С.
Summary:В книге впервые обобщены данные о получении и применении высших линейных а-олефинов (бутена-1, гексена-1 и октена-1) - сомономеров для производства линейного полиэтилена низкой плотности (ЛПЭНП). Описаны промышленные способы получения высших линейных а-олефинов (бутена-1, гексена-1 и октена-1) и способы их доочистки до полимеризационной степени чистоты. Проанализировано состояние производства высших линейных а-олефинов и сополимеров этилена с бутеном-1, гексеном-1 и октеном-1. Рассмотрены каталитические системы процессов олигомеризации этилена и синтеза ЛПЭНП на их основе.Выполнен анализ промышленных схем производства сополимеров этилена с высшими а-олефинами, их физико-механические свойства и методы переработки. В книге имеется большой справочный материал по физико-химическим свойствам гексенов и октенов, константам сополимеризации этилена с высшими а-олефинами и спецификации промышленных марок сополимеров этилена. Книга предназначена для научных и инженерно-технических работников, специализирующихся в области исследования, проектирования и производства высших а-олефинов и сополимеров этилена, а также преподавателей, аспирантов и студентов вузов, специализирующихся в области полиолефинов. Она может служить пособием для специалистов и квалифицированных рабочих профильных нефтехимических производств.
Sprog:russisk
Udgivet: Черноголовка, Изд-во ИПХФ РАН, 2008
Fag:
Format: Bog
KOHA link:https://koha.lib.tpu.ru/cgi-bin/koha/opac-detail.pl?biblionumber=195874

MARC

LEADER 00000nam0a2200000 4500
001 195874
005 20231101224643.0
010 |a 9785901675854 
035 |a (RuTPU)RU\TPU\book\213688 
090 |a 195874 
100 |a 20110517d2008 k y0rusy50 ca 
101 0 |a rus 
102 |a RU 
105 |a a z 001zy 
200 1 |a Высшие линейные α-олефины и сополимеры этилена на их основе. Производство и применение  |f Т. К. Плаксунов, Г. П. Белов, С. С. Потапов  |g Российская академия наук (РАН), Институт проблем химической физики (ИПХФ) 
210 |a Черноголовка  |c Изд-во ИПХФ РАН  |d 2008  
215 |a 293 с.  |c ил. 
320 |a Библиография в конце глав. 
320 |a Принятые сокращения и условные обозначения: с. 289-293. 
330 |a В книге впервые обобщены данные о получении и применении высших линейных а-олефинов (бутена-1, гексена-1 и октена-1) - сомономеров для производства линейного полиэтилена низкой плотности (ЛПЭНП). Описаны промышленные способы получения высших линейных а-олефинов (бутена-1, гексена-1 и октена-1) и способы их доочистки до полимеризационной степени чистоты. Проанализировано состояние производства высших линейных а-олефинов и сополимеров этилена с бутеном-1, гексеном-1 и октеном-1. Рассмотрены каталитические системы процессов олигомеризации этилена и синтеза ЛПЭНП на их основе.Выполнен анализ промышленных схем производства сополимеров этилена с высшими а-олефинами, их физико-механические свойства и методы переработки. В книге имеется большой справочный материал по физико-химическим свойствам гексенов и октенов, константам сополимеризации этилена с высшими а-олефинами и спецификации промышленных марок сополимеров этилена. Книга предназначена для научных и инженерно-технических работников, специализирующихся в области исследования, проектирования и производства высших а-олефинов и сополимеров этилена, а также преподавателей, аспирантов и студентов вузов, специализирующихся в области полиолефинов. Она может служить пособием для специалистов и квалифицированных рабочих профильных нефтехимических производств. 
606 1 |a Полиолефины  |2 stltpush  |3 (RuTPU)RU\TPU\subj\50431  |9 69111 
610 1 |a полиолефиновое производство 
610 1 |a сырьевая база 
610 1 |a этилен 
610 1 |a примеси 
610 1 |a очистка 
610 1 |a газообразные углеводороды 
610 1 |a жидкие углеводороды 
610 1 |a доочистка 
610 1 |a металлоорганические соединения 
610 1 |a олефины 
610 1 |a получение 
610 1 |a промышленные процессы 
610 1 |a сополимеры 
610 1 |a олигомеризация 
610 1 |a каталитические процессы 
610 1 |a синтез 
675 |a 678.742  |v 3 
700 1 |a Плаксунов  |b Т. К. 
701 1 |a Белов  |b Г. П. 
701 1 |a Потапов  |b С. С. 
712 0 2 |a Российская академия наук (РАН)  |b Институт проблем химической физики (ИПХФ)  |c (Черноголовка)  |c (1997- )  |2 stltpush  |3 (RuTPU)RU\TPU\col\3464 
801 1 |a RU  |b 63413507  |c 20110517 
801 2 |a RU  |b 63413507  |c 20110519  |g RCR 
942 |c BK